000 00571nam a2200229Ia 4500
003 OSt
005 20220924132111.0
006 a|||||r|||| 00| 0
007 ta
008 220923b |||||||| |||| 00| 0 san d
024 _a10136
037 _cTextual
040 _aARTS
_cARTS
_bsan
041 _2san
_asan
082 _aQ2;23, 15K7
100 _aDamodara
245 0 _aYantra chintamani with Hindi tr by Baladev Prasad Misra
260 _c1967
650 _aRELIGION
942 _hQ2;23, 15K7
_cTEXL
_2CC
999 _c429238
_d429238